[Event "30th Andorra Open"]
[Site "Erts-La Massana AND"]
[Date "2012.07.26"]
[Round "6.7"]
[White "Norwood, David R"]
[Black "Del Rio De Angelis, Salvador G."]
[Result "1/2-1/2"]
[WhiteTitle "GM"]
[BlackTitle "GM"]
[WhiteElo "2494"]
[BlackElo "2547"]
[WhiteFideId "400106"]
[BlackFideId "2203138"]
[EventDate "2012.07.21"]

1. c4 e6 2. g3 Nf6 3. Bg2 d5 4. Nf3 Be7 5. O-O O-O 6. d4 c6 7. Qc2 b6 8. Nbd2
Bb7 9. e4 Na6 10. a3 c5 11. e5 Nd7 12. dxc5 bxc5 13. Re1 Nb6 14. h4 Qd7 15. b3
Rad8 16. Rb1 Nb8 17. b4 Qa4 18. Qxa4 Nxa4 19. Ng5 Rd7 20. Bh3 Rdd8 21. bxc5 Ba8
22. Nxe6 fxe6 23. Bxe6+ Kh8 24. Bxd5 Bxd5 25. cxd5 Rxd5 26. Ne4 Nxc5 27. Bg5
Bxg5 28. Nxg5 Nc6 29. f4 h6 30. Nf3 Ne6 31. Kg2 g5 32. hxg5 hxg5 33. fxg5 Kg7
34. Rb7+ Rf7 35. Rxf7+ Kxf7 36. Kh3 Rd3 37. Rf1 Kg7 38. Kg4 Rxa3 39. Rd1 Ra4+
40. Kh5 Ned4 41. Nxd4 Rxd4 42. Rc1 Nxe5 1/2-1/2

[Event "30th Andorra Open"]
[Site "Erts-La Massana AND"]
[Date "2012.07.26"]
[Round "6.10"]
[White "Szabo, Krisztian1"]
[Black "Fuchs, Judith"]
[Result "1-0"]
[WhiteTitle "GM"]
[BlackTitle "WIM"]
[WhiteElo "2548"]
[BlackElo "2268"]
[WhiteFideId "722901"]
[BlackFideId "24605611"]
[EventDate "2012.07.21"]

1. e4 c6 2. c4 d5 3. cxd5 cxd5 4. exd5 Nf6 5. Nc3 Nxd5 6. Nf3 Nc6 7. Bb5 Nxc3 8.
bxc3 Bg4 9. Qa4 Bxf3 10. gxf3 Qd5 11. Be2 Qa5 12. Qe4 e6 13. Rg1 g6 14. Rb1 Qc7
15. h4 Be7 16. Kf1 Qd7 17. d4 a6 18. Bh6 Rc8 19. h5 Nd8 20. c4 Rg8 21. Be3 f5
22. Qd3 Bf6 23. f4 Qc6 24. d5 exd5 25. Rb6 dxc4 26. Qc2 1-0

[Event "30th Andorra Open"]
[Site "Erts-La Massana AND"]
[Date "2012.07.26"]
[Round "6.13"]
[White "Alonso Rosell, Alvar"]
[Black "Morros Faura, Ricard"]
[Result "1-0"]
[WhiteTitle "IM"]
[WhiteElo "2502"]
[BlackElo "2171"]
[WhiteFideId "2270544"]
[BlackFideId "2294311"]
[EventDate "2012.07.21"]

1. d4 Nf6 2. c4 g6 3. Nc3 Bg7 4. e4 d6 5. h3 O-O 6. Nf3 e5 7. d5 c6 8. Bg5 h6 9.
Be3 cxd5 10. cxd5 Nbd7 11. Nd2 Ne8 12. Be2 f5 13. f3 Bf6 14. O-O f4 15. Bf2 Bh4
16. Qe1 Bxf2+ 17. Qxf2 Ndf6 18. Nc4 Nh5 19. Nb5 Ng3 20. Rfe1 b6 21. Bd3 Rf7 22.
a4 Rb8 23. Nc3 Nc7 24. b4 Na8 25. b5 Qc7 26. Na2 Rd7 27. Nb4 Qc5 28. Qxc5 bxc5
29. Nc6 Rbb7 30. a5 Nc7 31. a6 Rxb5 32. Nxa7 Rb8 33. Nxc8 Rxc8 34. Nb6 Rdd8 35.
Nxc8 1-0

[Event "30th Andorra Open"]
[Site "Erts-La Massana AND"]
[Date "2012.07.26"]
[Round "6.15"]
[White "Vila Gazquez, Xavier"]
[Black "Sevillano Garcia, Joaquin"]
[Result "1-0"]
[WhiteTitle "GM"]
[WhiteElo "2454"]
[BlackElo "1963"]
[WhiteFideId "2261090"]
[BlackFideId "2211068"]
[EventDate "2012.07.21"]

1. e4 e5 2. Bc4 Be7 3. Nc3 Nc6 4. d3 d6 5. f4 Bh4+ 6. g3 Bf6 7. Nf3 Nge7 8. f5
Na5 9. g4 Nxc4 10. dxc4 Nc6 11. g5 Be7 12. h4 h5 13. gxh6 g6 14. Ng5 Nd4 15. Nd5
O-O 16. c3 Nxf5 17. exf5 Bxf5 18. Qf3 c6 19. Nxe7+ Qxe7 20. Be3 b5 21. O-O-O
bxc4 22. Qxc6 Bd3 23. Ne4 Qe6 24. Nf2 Rac8 25. Qa6 Qd5 26. Nxd3 cxd3 27. Qxd3
Qxa2 28. h5 Qa1+ 29. Kc2 Qa4+ 30. Kb1 1-0

[Event "30th Andorra Open"]
[Site "Erts-La Massana AND"]
[Date "2012.07.26"]
[Round "6.18"]
[White "Bas Mas, Jose Joaquin"]
[Black "Panelo, Marcelo"]
[Result "0-1"]
[BlackTitle "IM"]
[WhiteElo "2214"]
[BlackElo "2452"]
[WhiteFideId "22219064"]
[BlackFideId "104213"]
[EventDate "2012.07.21"]

1. e4 c5 2. Nf3 d6 3. d4 Nf6 4. Nc3 cxd4 5. Nxd4 a6 6. Bg5 e6 7. f4 h6 8. Bh4
Be7 9. Qf3 Nbd7 10. O-O-O Qc7 11. g4 b5 12. a3 Rb8 13. Rg1 b4 14. axb4 Rxb4 15.
Bf2 Bb7 16. g5 hxg5 17. fxg5 Ne5 18. Qe2 Nfd7 19. g6 Nc5 20. gxf7+ Kxf7 21. Bg3
Bf6 22. Kb1 Qb6 23. b3 Rxd4 24. Rxd4 Nxb3 0-1

[Event "30th Andorra Open"]
[Site "Erts-La Massana AND"]
[Date "2012.07.26"]
[Round "6.20"]
[White "Prasca Sosa, Rafael"]
[Black "Birnbaum, Detlev"]
[Result "1-0"]
[WhiteTitle "IM"]
[WhiteElo "2415"]
[BlackElo "2148"]
[WhiteFideId "3900819"]
[BlackFideId "605093"]
[EventDate "2012.07.21"]

1. e4 d6 2. d4 Nf6 3. Nc3 g6 4. Nf3 Bg7 5. Bc4 Nc6 6. d5 Nb8 7. h3 O-O 8. O-O c6
9. a4 b6 10. Qe2 Bb7 11. Bd2 a6 12. Rfe1 Nbd7 13. Rad1 Qc7 14. dxc6 Bxc6 15.
Bxa6 Nc5 16. Bb5 Ncxe4 17. Bxc6 Nxc3 18. Bxc3 Qxc6 19. Qxe7 Rfe8 20. Qxd6 Rxe1+
21. Nxe1 Qxd6 22. Rxd6 Ne4 23. Rxb6 Nxc3 24. bxc3 Bxc3 25. Nf3 Rxa4 26. Rc6 Ra3
27. g4 h6 28. Kg2 Kf8 29. h4 Bb2 30. Nd2 Bd4 31. Nb3 Be5 32. Rc5 f6 33. Ra5 Rxa5
34. Nxa5 h5 35. gxh5 gxh5 36. Nc4 Bc3 37. Kf3 Ke7 38. Ne3 Kf7 39. Nd5 Ba5 40.
Nf4 Bd8 41. Nxh5 f5 42. Kg3 Kg6 43. Nf4+ Kh6 44. c4 Bc7 45. Kf3 Bd6 46. Ne6 1-0

[Event "30th Andorra Open"]
[Site "Erts-La Massana AND"]
[Date "2012.07.27"]
[Round "7.1"]
[White "Illescas Cordoba, Miguel"]
[Black "Hammer, Jon Ludvig"]
[Result "1/2-1/2"]
[WhiteTitle "GM"]
[BlackTitle "GM"]
[WhiteElo "2601"]
[BlackElo "2638"]
[WhiteFideId "2200015"]
[BlackFideId "1503707"]
[EventDate "2012.07.21"]

1. Nf3 d5 2. d4 Nf6 3. c4 c6 4. e3 Bg4 5. Nc3 e6 6. h3 Bxf3 7. Qxf3 Bb4 8. Bd2
Nbd7 9. cxd5 cxd5 10. Bd3 O-O 11. a3 Ba5 12. O-O a6 13. Rfc1 Re8 14. Qd1 e5 15.
Ne2 Bxd2 16. Qxd2 Qb6 17. Qc3 e4 18. Bb1 Qb5 19. Qd2 Rac8 20. Nc3 Qc6 21. Ba2
Qd6 22. Ne2 Nb6 23. Rxc8 Rxc8 24. Rc1 Rxc1+ 25. Qxc1 Kf8 26. Qc3 Ke7 27. Qa5 Ne8
28. Nc3 Nc7 29. g4 f6 30. b4 g6 31. Qc5 f5 32. gxf5 gxf5 33. a4 Ke6 34. Kg2 Nd7
35. Qxd6+ Kxd6 36. Kg3 b5 37. Kf4 Nb8 38. axb5 axb5 39. Bb3 Nc6 40. Na2 Na6 41.
Nc3 Nc7 42. Na2 Ne6+ 43. Kg3 f4+ 44. Kg4 f3 45. Bd1 Nc7 46. Bb3 Na6 47. Nc3
Naxb4 48. Nxb5+ Kd7 49. Nc3 Ne7 50. Bxd5 Nexd5 51. Nxe4 Ke7 52. Kxf3 Nd3 53. Ng3
Nc3 54. e4 Ne1+ 55. Kg4 Nd1 56. Nf5+ Kf6 57. f3 Nc3 58. h4 h5+ 59. Kf4 Ng2+ 60.
Kg3 Ne1 61. Kf2 Nc2 62. Kf1 Nb5 63. d5 Nbd4 64. Ng3 Nxf3 65. Nxh5+ Ke5 66. Ng3
Nxh4 67. Ke2 Nb4 68. Kd2 Nxd5 69. exd5 Kxd5 1/2-1/2

[Event "30th Andorra Open"]
[Site "Erts-La Massana AND"]
[Date "2012.07.27"]
[Round "7.2"]
[White "Solodovnichenko, Yuri"]
[Black "Georgiev, Kiril"]
[Result "0-1"]
[WhiteTitle "GM"]
[BlackTitle "GM"]
[WhiteElo "2598"]
[BlackElo "2680"]
[WhiteFideId "14104369"]
[BlackFideId "2900017"]
[EventDate "2012.07.21"]

1. e4 e5 2. Nf3 Nc6 3. d4 exd4 4. Nxd4 Bc5 5. Nb3 Bb4+ 6. c3 Be7 7. Bf4 d6 8.
N1d2 Nf6 9. Bd3 Ne5 10. Be2 O-O 11. O-O b6 12. Nd4 Bb7 13. Qc2 Re8 14. Bb5 c6
15. Bxe5 cxb5 16. Bg3 a6 17. Rfe1 Nh5 18. Nf1 Bf8 19. Rad1 Qf6 20. Nf3 Qg6 21.
Rd4 Nxg3 22. Nxg3 d5 23. Nh4 Qf6 24. Nf3 dxe4 25. Nxe4 Qg6 26. Re2 Re6 27. Nh4
Qh5 28. Ng3 Rxe2 29. Qxe2 Qxe2 30. Nxe2 Re8 31. Kf1 Bc8 32. Nf3 Be6 33. b3 Rc8
34. Nf4 Bf5 35. Nd5 f6 36. Ke1 Kf7 37. b4 g5 38. g4 Be6 39. Kd2 Rd8 40. Ne3
Rxd4+ 41. Nxd4 Bxa2 42. Kc2 Bd6 43. h4 gxh4 44. Nef5 Be5 45. Nxh4 Bxd4 46. cxd4
Be6 47. f3 Bd5 48. Kd3 a5 49. f4 Be6 50. g5 Bd5 51. Nf5 Bc4+ 52. Ke4 fxg5 53.
fxg5 Kg6 54. Kf4 a4 55. d5 a3 56. d6 a2 57. d7 a1=Q 58. Nh4+ Kh5 59. d8=Q Qc1+
60. Kf5 Qf1+ 61. Ke5 Qe1+ 62. Kf6 Qc3+ 63. Ke7 Qg7+ 64. Kd6 Qd4+ 0-1

[Event "30th Andorra Open"]
[Site "Erts-La Massana AND"]
[Date "2012.07.27"]
[Round "7.3"]
[White "Arizmendi Martinez, Julen Luis"]
[Black "Iturrizaga, Eduardo"]
[Result "1-0"]
[WhiteTitle "GM"]
[BlackTitle "GM"]
[WhiteElo "2559"]
[BlackElo "2628"]
[WhiteFideId "2205092"]
[BlackFideId "3901211"]
[EventDate "2012.07.21"]

1. d4 Nf6 2. c4 e6 3. Nc3 Bb4 4. e3 b6 5. Ne2 Bb7 6. a3 Bd6 7. Qc2 c5 8. d5 exd5
9. cxd5 Qe7 10. Ng3 g6 11. Bc4 O-O 12. e4 a6 13. a4 b5 14. axb5 axb5 15. Rxa8
Bxa8 16. Nxb5 Bxg3 17. hxg3 Bxd5 18. Bxd5 Nxd5 19. O-O Nb4 20. Qc4 N8c6 21. Bf4
Ne5 22. Qc3 Nbd3 23. Nc7 Nxf4 24. gxf4 Ng4 25. f3 Nf6 26. Qe5 Qd8 27. Qxc5 Qb8
28. Qd4 Qxc7 29. Qxf6 d5 30. exd5 Qc5+ 31. Kh2 Qxd5 32. Re1 Rb8 33. b4 Qh5+ 34.
Kg3 h6 35. Rd1 g5 36. fxg5 Qxg5+ 37. Qxg5+ hxg5 38. Rb1 Kg7 39. b5 Rb6 40. Kf2
Kf6 41. Ke3 Ke5 42. g4 Kd5 43. Kd3 Rf6 44. b6 1-0

[Event "30th Andorra Open"]
[Site "Erts-La Massana AND"]
[Date "2012.07.27"]
[Round "7.6"]
[White "Kogan, Artur"]
[Black "Norwood, David R"]
[Result "1-0"]
[WhiteTitle "GM"]
[BlackTitle "GM"]
[WhiteElo "2587"]
[BlackElo "2494"]
[WhiteFideId "2800802"]
[BlackFideId "400106"]
[EventDate "2012.07.21"]

1. d4 g6 2. Nf3 Bg7 3. c4 d6 4. Nc3 e5 5. e4 exd4 6. Nxd4 Nc6 7. Be3 Nge7 8. h4
f5 9. h5 fxe4 10. Nxe4 Nf5 11. Bg5 Qd7 12. Nb5 a6 13. Nbc3 Qe6 14. Bd3 Bxc3+ 15.
bxc3 O-O 16. hxg6 Qxg6 17. f4 h6 18. Rh5 Ne3 19. Rxh6 Qxh6 20. Bxh6 Nxd1 21.
Rxd1 Rf7 22. Kd2 Bg4 23. Rh1 Re8 24. Bg5 Kg7 25. Nf6 Rxf6 26. Rh7+ Kf8 27. Bxf6
Re6 28. Bg5 1-0

[Event "30th Andorra Open"]
[Site "Erts-La Massana AND"]
[Date "2012.07.27"]
[Round "7.8"]
[White "Comas Fabrego, Lluis"]
[Black "Szabo, Krisztian1"]
[Result "0-1"]
[WhiteTitle "GM"]
[BlackTitle "GM"]
[WhiteElo "2514"]
[BlackElo "2548"]
[WhiteFideId "2200325"]
[BlackFideId "722901"]
[EventDate "2012.07.21"]

1. c4 g6 2. d4 Nf6 3. Nc3 Bg7 4. e4 d6 5. Nf3 O-O 6. h3 e5 7. d5 Na6 8. Bg5 Qe8
9. g4 Kh8 10. Be2 Ng8 11. Nd2 f5 12. gxf5 gxf5 13. Bh5 Qd7 14. exf5 Qxf5 15.
Nde4 Nc5 16. Bg4 Qg6 17. Qe2 Nxe4 18. Nxe4 Bh6 19. Bxc8 Raxc8 20. h4 Bxg5 21.
Nxg5 c6 22. Rd1 cxd5 23. Rxd5 Ne7 24. Rd1 Rf4 25. Rg1 Rfxc4 26. Rxd6 Rc1+ 27.
Rd1 Rxd1+ 28. Qxd1 h6 29. Nf3 Qe4+ 30. Kf1 Ng6 31. Kg2 0-1

[Event "30th Andorra Open"]
[Site "Erts-La Massana AND"]
[Date "2012.07.27"]
[Round "7.9"]
[White "Vila Gazquez, Xavier"]
[Black "Zoler, Dan"]
[Result "1-0"]
[WhiteTitle "GM"]
[BlackTitle "GM"]
[WhiteElo "2454"]
[BlackElo "2527"]
[WhiteFideId "2261090"]
[BlackFideId "2800705"]
[EventDate "2012.07.21"]

1. e4 c5 2. Nf3 d6 3. d4 cxd4 4. Qxd4 a6 5. h3 Nc6 6. Qe3 Nf6 7. c4 g6 8. Nc3
Bg7 9. Be2 O-O 10. O-O Rb8 11. Rb1 Nd7 12. b4 b6 13. Rd1 Bb7 14. a3 Rc8 15. Bb2
Nce5 16. Nd2 a5 17. f4 axb4 18. axb4 Nc6 19. Nd5 Bxb2 20. Rxb2 Ra8 21. Nf3 f6
22. Rbd2 Rf7 23. e5 e6 24. Nxf6+ Nxf6 25. Rxd6 Rd7 26. Ng5 Rxd6 27. Rxd6 Nd7 28.
Bg4 Ncb8 29. Bxe6+ Kg7 30. Bxd7 Qe7 31. Qxb6 Bxg2 32. Kxg2 Ra2+ 33. Kg3 Ra3+ 34.
Nf3 Nxd7 35. Qb7 1-0

[Event "30th Andorra Open"]
[Site "Erts-La Massana AND"]
[Date "2012.07.27"]
[Round "7.12"]
[White "Narciso Dublan, Marc"]
[Black "Ostos, Julio"]
[Result "1-0"]
[WhiteTitle "GM"]
[BlackTitle "IM"]
[WhiteElo "2539"]
[BlackElo "2345"]
[WhiteFideId "2201500"]
[BlackFideId "3900053"]
[EventDate "2012.07.21"]

1. d4 Nf6 2. c4 c5 3. d5 g6 4. Nc3 Bg7 5. e4 O-O 6. Bg5 Qa5 7. Qd2 e6 8. f3 exd5
9. cxd5 a6 10. Nh3 Re8 11. Be2 d6 12. Nf2 b5 13. O-O Nbd7 14. Bh6 Bh8 15. a4 b4
16. Ncd1 Ra7 17. Ne3 Nb6 18. Nd3 Nfxd5 19. Nxd5 Nxd5 20. exd5 c4 21. Qxb4 Qd8
22. Qxc4 Rc7 23. Qb4 Rxe2 24. Rae1 Rcc2 25. Rxe2 Rxe2 26. Qc4 a5 27. Kh1 Bf5 28.
Nb4 Qe8 29. Nc6 Bxb2 30. h3 Rc2 31. Qh4 Re2 32. Nxa5 f6 33. Nc6 g5 34. Qg3 Be5
35. f4 Be4 36. fxe5 1-0

[Event "30th Andorra Open"]
[Site "Erts-La Massana AND"]
[Date "2012.07.27"]
[Round "7.13"]
[White "Lillo Castay, Victor"]
[Black "Berczes, David"]
[Result "0-1"]
[WhiteTitle "FM"]
[BlackTitle "GM"]
[WhiteElo "2273"]
[BlackElo "2530"]
[WhiteFideId "2278995"]
[BlackFideId "722960"]
[EventDate "2012.07.21"]

1. e4 e5 2. Nf3 Nc6 3. Bb5 a6 4. Ba4 Nf6 5. O-O Be7 6. Re1 b5 7. Bb3 d6 8. c3
O-O 9. d4 Bg4 10. Be3 exd4 11. cxd4 d5 12. exd5 Nxd5 13. Nc3 Nxe3 14. fxe3 Na5
15. Bc2 c5 16. Qd3 g6 17. d5 Bf6 18. h3 Bxf3 19. gxf3 Nc4 20. Rab1 Nxb2 21. Rxb2
c4 22. Qe2 Bxc3 0-1

[Event "30th Andorra Open"]
[Site "Erts-La Massana AND"]
[Date "2012.07.27"]
[Round "7.14"]
[White "Demuth, Adrien"]
[Black "Laclau, Daniel"]
[Result "1-0"]
[WhiteTitle "IM"]
[WhiteElo "2460"]
[BlackElo "2326"]
[WhiteFideId "642274"]
[BlackFideId "600989"]
[EventDate "2012.07.21"]

1. d4 Nf6 2. c4 g6 3. Nc3 d5 4. Bg5 Ne4 5. Bh4 Nxc3 6. bxc3 c5 7. cxd5 Qa5 8.
Qd2 Bg7 9. Rc1 Na6 10. e3 Bd7 11. Nf3 Rc8 12. c4 Nb4 13. Be2 a6 14. dxc5 Rxc5
15. Rb1 Nc2+ 16. Kf1 Qxa2 17. Rxb7 Qa1+ 18. Qd1 Qc3 19. Qd3 Rxc4 20. Qxc3 Rxc3
21. Bxa6 f6 22. Ke2 Ba4 23. d6 O-O 24. dxe7 Ra8 25. Rd1 Re8 26. Rd8 Kf7 27. Rxe8
Kxe8 28. Kd2 Rc5 29. Bg3 f5 30. Bh4 h6 31. Bd3 g5 32. Ra7 Bb3 33. Bg3 f4 34.
exf4 Bc3+ 35. Ke2 1-0

[Event "30th Andorra Open"]
[Site "Erts-La Massana AND"]
[Date "2012.07.27"]
[Round "7.15"]
[White "Panelo, Marcelo"]
[Black "Hoolt, Sarah"]
[Result "1/2-1/2"]
[WhiteTitle "IM"]
[BlackTitle "WIM"]
[WhiteElo "2452"]
[BlackElo "2272"]
[WhiteFideId "104213"]
[BlackFideId "24606812"]
[EventDate "2012.07.21"]

1. Nf3 Nf6 2. c4 g6 3. Nc3 d5 4. cxd5 Nxd5 5. Qa4+ Bd7 6. Qb3 Nb6 7. d4 Be6 8.
Qc2 Nc6 9. e3 Nb4 10. Qd1 Bg7 11. a3 N4d5 12. Ne4 O-O 13. Nc5 Bc8 14. Be2 Nd7
15. Nxd7 Qxd7 16. O-O Qd6 17. Qc2 Bg4 18. Rd1 Rfd8 19. h3 Bxf3 20. Bxf3 c6 21.
b3 Rac8 22. Bb2 Qb8 23. Rac1 e5 24. dxe5 Bxe5 25. Bxd5 Bh2+ 26. Kh1 cxd5 27. Qd3
Rxc1 28. Rxc1 Be5 29. Bd4 Qd6 30. b4 a6 31. Qc3 Bxd4 32. Qxd4 a5 33. Rd1 axb4
34. axb4 Qe6 35. e4 Rc8 36. exd5 Qd6 37. Kg1 b5 38. Re1 h6 39. g3 Rd8 40. Rd1
Rc8 41. Re1 Rd8 42. Re5 Kh7 43. Qc3 Kg8 44. Re1 Qxd5 1/2-1/2

[Event "30th Andorra Open"]
[Site "Erts-La Massana AND"]
[Date "2012.07.27"]
[Round "7.16"]
[White "Jose Queralto, Daniel"]
[Black "Prasca Sosa, Rafael"]
[Result "0-1"]
[BlackTitle "IM"]
[WhiteElo "2133"]
[BlackElo "2415"]
[WhiteFideId "6900089"]
[BlackFideId "3900819"]
[EventDate "2012.07.21"]

1. e4 e6 2. d4 d5 3. Bd3 dxe4 4. Bxe4 Nf6 5. Bf3 Be7 6. Ne2 Nbd7 7. O-O O-O 8.
Nbc3 a6 9. Be3 Rb8 10. a4 Nb6 11. Qd3 Nbd5 12. Nxd5 Nxd5 13. Bd2 b6 14. Rfd1 a5
15. Nf4 Nb4 16. Qb3 Bd6 17. Nd3 Nxd3 18. Qxd3 Qe7 19. Bc6 Rd8 20. Qc4 Bd7 21.
Bc3 Bxh2+ 22. Kxh2 Qd6+ 23. Kg1 Bxc6 24. Qe2 Qd5 25. f3 Qf5 26. Qd3 Qd5 27. Re1
Be8 28. Qe4 Qc4 29. Qe2 Qc6 30. Qf2 Rd5 31. Re5 Rbd8 32. Qe3 R8d6 33. b3 Rxe5
34. dxe5 Rd5 35. Bd4 Qd7 36. Bb2 Rd1+ 37. Kh2 Rxa1 38. Bxa1 Qd1 39. Qc3 c5 40.
Bb2 Bc6 41. Ba3 h6 42. Qb2 Qe2 43. Kg1 h5 44. c4 Qe1+ 45. Kh2 h4 0-1

[Event "30th Andorra Open"]
[Site "Erts-La Massana AND"]
[Date "2012.07.27"]
[Round "7.17"]
[White "Jerez Perez, Alfonso"]
[Black "Johansson, Viktoria"]
[Result "1-0"]
[WhiteTitle "IM"]
[BlackTitle "WIM"]
[WhiteElo "2407"]
[BlackElo "2179"]
[WhiteFideId "2204100"]
[BlackFideId "1701940"]
[EventDate "2012.07.21"]

1. e4 c5 2. c3 g6 3. d4 cxd4 4. cxd4 d5 5. exd5 Nf6 6. Nc3 Nxd5 7. Qb3 Nb6 8. d5
Bg7 9. Be3 O-O 10. Rd1 Na6 11. Be2 Qd6 12. Nf3 Bd7 13. O-O Nc5 14. Qc2 Nca4 15.
Nxa4 Bxa4 16. b3 Bd7 17. Qd2 Bf5 18. Bf4 Qc5 19. d6 Bc3 20. Qc1 Rfc8 21. Bc4 Bf6
22. dxe7 Qxe7 23. Bd6 Qe4 24. Rfe1 Qg4 25. h3 Qh5 26. Qf4 Nxc4 27. bxc4 Bc3 28.
Re3 Bg7 29. g4 Qxh3 30. gxf5 Bh6 31. Ne5 Qxe3 32. Qxe3 Bxe3 33. fxe3 gxf5 34.
Kf2 Kg7 35. Be7 h6 36. Rd7 b6 37. Kf3 f6 38. Bd8+ Kf8 39. Bxf6 b5 40. Rh7 1-0

[Event "30th Andorra Open"]
[Site "Erts-La Massana AND"]
[Date "2012.07.27"]
[Round "7.18"]
[White "Van Hasselt, Frank"]
[Black "Berkovich, Mark A"]
[Result "1/2-1/2"]
[BlackTitle "IM"]
[WhiteElo "2230"]
[BlackElo "2366"]
[WhiteFideId "6000118"]
[BlackFideId "2801639"]
[EventDate "2012.07.21"]

1. c4 e6 2. g3 d5 3. Bg2 Nf6 4. Nf3 Be7 5. O-O O-O 6. b3 c5 7. Bb2 Nc6 8. e3 d4
9. exd4 cxd4 10. Re1 Bc5 11. a3 a5 12. d3 Re8 13. Ne5 Nxe5 14. Rxe5 Qc7 15. f4
Bd6 16. Re1 e5 17. fxe5 Bxe5 18. Nd2 Bg4 19. Qc2 h5 20. Nf3 Bxf3 21. Bxf3 Ng4
22. Bxg4 hxg4 23. Re2 Re6 24. Rae1 Rae8 25. b4 axb4 26. axb4 Qd6 27. b5 b6 28.
Re4 f5 29. R4e2 Kf7 30. Bc1 Bf6 31. Bf4 Qb4 32. Rxe6 Rxe6 33. Rxe6 Kxe6 34. Bd2
Qe7 35. Qa2 Qc5 36. Qa8 Kf7 37. Bf4 Be7 38. Qb7 Qb4 39. Qd5+ Ke8 40. Qxf5 1/2-1/2

[Event "30th Andorra Open"]
[Site "Erts-La Massana AND"]
[Date "2012.07.28"]
[Round "8.5"]
[White "Iturrizaga, Eduardo"]
[Black "Vila Gazquez, Xavier"]
[Result "1-0"]
[WhiteTitle "GM"]
[BlackTitle "GM"]
[WhiteElo "2628"]
[BlackElo "2454"]
[WhiteFideId "3901211"]
[BlackFideId "2261090"]
[EventDate "2012.07.21"]

1. d4 e6 2. Nf3 c5 3. c4 cxd4 4. Nxd4 Nc6 5. Nc3 Qc7 6. g3 Nf6 7. Ndb5 Qb8 8.
Bf4 e5 9. Bg5 a6 10. Na3 Bb4 11. Bxf6 gxf6 12. Nc2 Bxc3+ 13. bxc3 d6 14. Ne3 Be6
15. f4 f5 16. Rb1 Qc7 17. Nd5 Rd8 18. Bg2 e4 19. Nb6 O-O 20. e3 d5 21. c5 Qb8
22. Kf2 Qc7 23. Qa4 Nb8 24. Qd4 Qe7 25. Qb4 Nd7 26. Na4 Rb8 27. Rhd1 Rfc8 28.
Bf1 Nxc5 29. Nb6 Rd8 30. Rd4 Qc7 31. a4 Rd6 32. a5 Rbd8 33. Be2 Qc6 34. Rbd1 Qc7
35. h3 Qc6 36. g4 fxg4 37. hxg4 Bc8 38. c4 dxc4 39. Nxc8 Qxc8 40. Rxd6 Nd3+ 41.
Bxd3 Rxd6 42. Qxd6 cxd3 43. Qb4 1-0

[Event "30th Andorra Open"]
[Site "Erts-La Massana AND"]
[Date "2012.07.28"]
[Round "8.8"]
[White "Demuth, Adrien"]
[Black "Dgebuadze, Alexandre"]
[Result "1/2-1/2"]
[WhiteTitle "IM"]
[BlackTitle "GM"]
[WhiteElo "2460"]
[BlackElo "2563"]
[WhiteFideId "642274"]
[BlackFideId "203882"]
[EventDate "2012.07.21"]

1. Nf3 c5 2. g3 Nc6 3. d4 cxd4 4. Nxd4 g6 5. Bg2 Bg7 6. Nb3 d6 7. O-O h5 8. c4
h4 9. c5 hxg3 10. hxg3 Bh3 11. Bxh3 Rxh3 12. cxd6 Nf6 13. Kg2 Rh5 14. Rh1 Rxh1
15. Qxh1 Qxd6 16. Bh6 Qd5+ 17. f3 Bxh6 18. Qxh6 O-O-O 19. Nc3 Qe5 20. Qf4 Qxf4
21. gxf4 Nh5 22. e3 Nb4 23. Re1 Nd3 24. Re2 Ng7 25. Ne4 b6 26. Nf2 Nf5 27. Nxd3
Rxd3 28. Kf2 Kb7 29. e4 Nd6 30. Rd2 Rxd2+ 31. Nxd2 Kc6 32. Ke3 a5 33. Kd3 Nb7
34. Nc4 Nc5+ 35. Kc3 f6 36. Ne3 1/2-1/2

[Event "30th Andorra Open"]
[Site "Erts-La Massana AND"]
[Date "2012.07.28"]
[Round "8.9"]
[White "Burg, Twan"]
[Black "Marin, Mihail"]
[Result "1/2-1/2"]
[WhiteTitle "IM"]
[BlackTitle "GM"]
[WhiteElo "2470"]
[BlackElo "2548"]
[WhiteFideId "1010697"]
[BlackFideId "1200020"]
[EventDate "2012.07.21"]

1. e4 e6 2. d4 d5 3. Nd2 c5 4. exd5 exd5 5. Bb5+ Nc6 6. Ngf3 Bd6 7. dxc5 Bxc5 8.
Nb3 Bd6 9. Bg5 Ne7 10. Bh4 O-O 11. O-O Bg4 12. Be2 Qc7 13. Bg3 Rad8 14. Nfd4
Bxg3 15. hxg3 Bf5 16. c3 Bg6 17. Re1 Ne5 18. Bh5 Nc4 19. Bxg6 Nxg6 20. Qc2 Rfe8
21. Rad1 Nge5 22. Nf3 g6 23. Re2 Re7 24. Ng5 Ng4 25. Rde1 Rde8 26. Nd4 a6 27.
Nh3 Qd6 28. Nf4 Nf6 29. b3 Ne5 30. Nf3 Nc6 31. Qd3 Rxe2 32. Rxe2 Rxe2 33. Qxe2
h5 34. Qd3 Kg7 35. Nd4 Qe5 36. Qe2 Qxe2 37. Nfxe2 Nxd4 38. Nxd4 Ne4 39. Ne2 Kf6
40. f3 Nc5 41. Kf2 Ne6 42. Ke3 Ke5 43. Nc1 d4+ 1/2-1/2

[Event "30th Andorra Open"]
[Site "Erts-La Massana AND"]
[Date "2012.07.28"]
[Round "8.10"]
[White "Prasca Sosa, Rafael"]
[Black "Del Rio De Angelis, Salvador G."]
[Result "1/2-1/2"]
[WhiteTitle "IM"]
[BlackTitle "GM"]
[WhiteElo "2415"]
[BlackElo "2547"]
[WhiteFideId "3900819"]
[BlackFideId "2203138"]
[EventDate "2012.07.21"]

1. e4 d6 2. d4 Nf6 3. Nc3 g6 4. Nf3 Bg7 5. Bc4 O-O 6. O-O Nc6 7. d5 Nb8 8. h3 c6
9. a4 a5 10. Re1 Nfd7 11. Be3 Nb6 12. Bb3 c5 13. Qd2 e5 14. dxe6 Bxe6 15. Bg5
Qd7 16. Nd5 Bxd5 17. Bxd5 Na6 18. c3 Nxd5 19. Qxd5 Nc7 20. Qd2 Rfe8 21. Qd3 h6
22. Bf4 Re6 23. Red1 Qc6 24. Bxd6 c4 25. Qd2 Rxe4 26. Bxc7 Qxc7 27. Qd5 Re2 28.
Qb5 Bf8 29. Re1 Rxe1+ 30. Rxe1 Rd8 31. g3 b6 32. Re4 Qc5 33. Qxc5 Bxc5 34. Re2
Rd1+ 35. Kg2 Ra1 36. Ne5 Rxa4 37. Nd7 Ra2 38. Nxc5 bxc5 39. Re4 Rxb2 1/2-1/2